| 000 | 00666cam a2200193 a 4500 | ||
|---|---|---|---|
| 001 | 000013380 | ||
| 005 | 20241007115234.0 | ||
| 008 | 770208s1977 pr a b 001 0 spa | ||
| 020 | _a0847724425 | ||
| 040 |
_aDO-SdBNP _bspa _cLC _dBNPHU |
||
| 082 |
_a338.4791 _bS231t |
||
| 100 | 1 |
_aSanta Pinter, J. J. _q(Jose Julio), _d1921- _930615 |
|
| 245 | 1 | 0 |
_aTuristicología : _bturismo-fenómeno social : turística-ciencia social / _cJ. J. Santa-Pinter. |
| 260 |
_aSan Juan, Puerto Rico : _bUniversitaria, Universidad de Puerto Rico, _c1977. |
||
| 300 |
_axx, 141 p. : _bil. ; _c21 cm. |
||
| 650 | 0 |
_aTurismo _92632 |
|
| 910 | _aCatalogación por copia / LC | ||
| 049 | _aBNGR | ||
| 999 |
_c13006 _d13006 |
||